Unifikačné a koordinačné snahy Medzinárodného menového fondu v bilancovaní medzinárodných peňažných vzťahov
Význam unifikácie a koordinácie zostavovania platobnej bilancie pre činnosť Medzinárodného menového fondu. Obsah pojmu bilancovanie. Príručky platobnej bilancie. Štandardné položky platobnej bilancie. Tendencie v platobnej bilancii Slovenskej ekonomiky.
Gespeichert in:
| 1. Verfasser: | |
|---|---|
| Format: | Buchkapitel |
| Sprache: | Slowakisch |
| Schlagworte: | |
| Tags: |
Keine Tags, Fügen Sie das erste Tag hinzu!
|
MARC
| LEADER | 00000naa$a2200000$$$4500 | ||
|---|---|---|---|
| 001 | 0028340 | ||
| 005 | 20240502071430.5 | ||
| 041 | 0 | |a slo | |
| 044 | |a SK | ||
| 245 | 1 | 0 | |a Unifikačné a koordinačné snahy Medzinárodného menového fondu v bilancovaní medzinárodných peňažných vzťahov |c Anežka Jankovská |
| 520 | |a Význam unifikácie a koordinácie zostavovania platobnej bilancie pre činnosť Medzinárodného menového fondu. Obsah pojmu bilancovanie. Príručky platobnej bilancie. Štandardné položky platobnej bilancie. Tendencie v platobnej bilancii Slovenskej ekonomiky. | ||
| 610 | 2 | 0 | |a Medzinárodný menový fond |
| 610 | 2 | 0 | |a bilancia platobná |
| 610 | 2 | 0 | |a štandardizácia |
| 610 | 2 | 0 | |a koordinácia |
| 610 | 2 | 0 | |a vzťahy peňažné |
| 610 | 2 | 0 | |a unifikácia |
| 610 | 2 | 0 | |a účty národné |
| 610 | 2 | 0 | |a štatistika finančná |
| 610 | 2 | 0 | |a účty finančné |
| 610 | 2 | 0 | |a Slovensko |
| 100 | 1 | |a Jankovská, Anežka | |